Every Red Bull Racing driver line-up! - Statistics

General Stats
  • This quiz has been taken 13 times
  • The average score is 50 of 54
Answer Stats
Hint Answer % Correct
2014 Daniel Ricciardo
100%
2015 Daniel Ricciardo
100%
2016 Daniel Ricciardo
100%
2016 Daniel Ricciardo
100%
2017 Daniel Ricciardo
100%
2018 Daniel Ricciardo
100%
2026 Isack Hadjar
100%
2007 Mark Webber
100%
2008 Mark Webber
100%
2009 Mark Webber
100%
2010 Mark Webber
100%
2011 Mark Webber
100%
2012 Mark Webber
100%
2013 Mark Webber
100%
2017 Max Verstappen
100%
2017 Max Verstappen
100%
2018 Max Verstappen
100%
2019 Max Verstappen
100%
2019 Max Verstappen
100%
2020 Max Verstappen
100%
2021 Max Verstappen
100%
2022 Max Verstappen
100%
2023 Max Verstappen
100%
2024 Max Verstappen
100%
2025 Max Verstappen
100%
2025 Max Verstappen
100%
2026 Max Verstappen
100%
2009 Sebastian Vettel
100%
2010 Sebastian Vettel
100%
2011 Sebastian Vettel
100%
2012 Sebastian Vettel
100%
2013 Sebastian Vettel
100%
2014 Sebastian Vettel
100%
2021 Sergio Perez
100%
2022 Sergio Perez
100%
2023 Sergio Perez
100%
2024 Sergio Perez
100%
2025 Yuki Tsunoda
100%
2015 Daniil Kvyat
92%
2016 Daniil Kvyat
92%
2025 Liam Lawson
92%
2019 Alexander Albon
83%
2020 Alexander Albon
83%
2005 David Coulthard
83%
2005 David Coulthard
83%
2006 David Coulthard
83%
2006 David Coulthard
83%
2007 David Coulthard
83%
2008 David Coulthard
83%
2019 Pierre Gasly
83%
2005 Christian Klien
58%
2006 Christian Klien
58%
2005 Vitantonio Liuzzi
50%
2006 Robert Doornbos
25%
No matching quizzes found
Score Distribution
Percent of People with Each Score
Percentile by Number Answered
Your Score History
You have not taken this quiz